Chansons de Queen par paroles - Statistiques

Statistiques générales
  • Ce quiz a été pris 259 fois
  • Le résultat moyen est 7 sur 20
Statistiques - réponses
Paroles Réponse % Correct
I don't wanna dieI sometimes wish I'd never been born at all Bohemian Rhapsody
98%
I'm a sex machine ready to reload like an atom bombAbout to whoa-oh, whoa-oh, oh, explode Don't Stop Me Now
75%
Dynamite with a laser beamGuaranteed to blow your mind Killer Queen
66%
I've fallen in love, yeahGod knows, God knows I've fallen in love I Want to Break Free
59%
My makeup may be flakingBut my smile, still, stays on The Show Must Go On
57%
But it's been no bed of rosesNo pleasure cruise We Are the Champions
54%
Buddy, you're a young man, hard manShouting in the street, gonna take on the world We Will Rock You
51%
I work hard (he works hard) everyday of my lifeI work till I ache my bones Somebody to Love
43%
I will be there at your side to remind youHow I still love you Love of My Life
41%
You had your time you had the powerYou've yet to have your finest hour Radio Ga Ga
35%
Left alone with big fat FannyShe was such a naughty nanny Fat Bottomed Girls
33%
She knows how to rock and rollShe drives me crazy Crazy Little Thing Called Love
24%
Hot dog, I say cool it manI don't wanna be the President of America Bicycle Race
19%
What is this thing that builds our dreamsYet tips 'em 'way from us Who Wants to Live Forever
19%
Do you think you're better every day?No, I just think I'm two steps nearer to my grave Keep Yourself Alive
17%
Convinced our voices can't be heardWe just wanna scream it louder and louder louder Hammer to Fall
16%
Oooh, can you feel my love heat?Come on and sit on my hot-seat of love Good Old-Fashioned Lover Boy
15%
Chippin' around, kick my brains 'round the floorThese are the days it never rains but it pours Under Pressure
13%
The bell that rings inside your mindIs challenging the doors of time A Kind of Magic
8%
You know what I mean there's a lot of spaceBetween your ears Sheer Heart Attack
0%
Aucun quiz correspondant
Distribution des résultats
% des personnes avec chaque résultat
Percentile par nombre de réponses
Votre historique - résultats
Vous n’avez pas pris ce quiz